El Instituto de Conmemoración Histórica de Chile
Guardat en:
| Autor principal: | |
|---|---|
| Format: | Llibre |
| Idioma: | espanyol |
| Publicat: |
Santiago
Intituto Geográfico Nacional
1962
|
| Matèries: | |
| Etiquetes: |
Afegir etiqueta
Sense etiquetes, Sigues el primer a etiquetar aquest registre!
|
MARC
| LEADER | 00000nam a2200000 a 4500 | ||
|---|---|---|---|
| 001 | UCP4367 | ||
| 003 | CL-VaPUC | ||
| 008 | 990724e19620000CL |||||||||||||||||spa|d | ||
| 082 | 0 | 4 | |a 068.83 |b ARA |2 21 |
| 100 | 0 | |a Arabena Williams, René |e author |9 431844 | |
| 245 | 1 | 3 | |a El Instituto de Conmemoración Histórica de Chile |
| 300 | |a 92 p | ||
| 942 | |c BK | ||
| 945 | |d 19990724 00:00:00 |a crobeson | ||
| 260 | |a Santiago |b Intituto Geográfico Nacional |c 1962 | ||
| 650 | 0 | |a Organizaciones culturales |9 350598 | |
| 650 | 0 | |a Discursos |9 265028 | |
| 651 | 7 | |a CHILE |2 CL-VaPUC |9 431845 | |
| 583 | |a last modification |c 19990724 00:00:00 |k Rodrigo Vera | ||
| 999 | |c 282351 |d 282349 | ||
| 952 | |0 0 |1 0 |4 0 |6 068_830000000000000_ARA_1962 |7 0 |8 A |9 324014 |a BIBHIS |b BIBHIS |d 2019-11-20 |i 1354183 |o 068.83 ARA 1962 |p 1354183 |r 2025-01-20 |w 2019-11-20 |y BK |k HIS | ||